Slováci preceňujú svoje finančné know-how

Finančné znalosti obyvateľov Slovenska a vybraných krajín Európy, Ameriky a Ázie. Prieskum, ktorý ukázal ako vieme hospodáriť v domácnostiach, vypočítať si úroky, správne nastaviť úver alebo investovať.

Enregistré dans:
Détails bibliographiques
Auteur principal: Kouřil, Viktor
Format: Chapitre de livre
Langue:slovaque
Sujets:
Tags: Ajouter un tag
Pas de tags, Soyez le premier à ajouter un tag!

MARC

LEADER 00000naa a2200000 4500
001 0146348
005 20220725111613.3
041 0 |a slo 
044 |a SK 
245 1 0 |a Slováci preceňujú svoje finančné know-how  |c Viktor Kouřil 
520 |a Finančné znalosti obyvateľov Slovenska a vybraných krajín Európy, Ameriky a Ázie. Prieskum, ktorý ukázal ako vieme hospodáriť v domácnostiach, vypočítať si úroky, správne nastaviť úver alebo investovať. 
610 2 0 |a Slovensko 
610 2 0 |a Európa 
610 2 0 |a svet 
610 2 0 |a gramotnosť finančná 
610 2 0 |a obyvateľstvo 
610 2 0 |a financie 
610 2 0 |a plánovanie finančné 
610 2 0 |a kapitalizácia 
610 2 0 |a riadenie finančné 
610 2 0 |a príjmy 
610 2 0 |a výdavky 
610 2 0 |a domácnosti 
610 2 0 |a prieskum 
100 1 |a Kouřil, Viktor